Žien na riadiacich postoch je tretina, v platoch výrazne zaostávajú za mužmi
Žien na vrchole slovenského biznisu je stále výrazne menej než mužov. Podiel žien pracujúcich na riadiacich pozíciách podľa krajov.
Salvato in:
| Autore principale: | |
|---|---|
| Natura: | Capitolo di libro |
| Lingua: | slovacco |
| Soggetti: | |
| Tags: |
Nessun Tag, puoi essere il primo ad aggiungerne!!
|
MARC
| LEADER | 00000naa a2200000 4500 | ||
|---|---|---|---|
| 001 | 0226933 | ||
| 005 | 20231208114752.6 | ||
| 041 | 0 | |a slo | |
| 044 | |a SK | ||
| 245 | 1 | 0 | |a Žien na riadiacich postoch je tretina, v platoch výrazne zaostávajú za mužmi |c Soňa Šedajová |
| 520 | |a Žien na vrchole slovenského biznisu je stále výrazne menej než mužov. Podiel žien pracujúcich na riadiacich pozíciách podľa krajov. | ||
| 610 | 2 | 0 | |a ženy |
| 610 | 2 | 0 | |a riadenie vrcholové |
| 610 | 2 | 0 | |a diskriminácia pracovná |
| 610 | 2 | 0 | |a podnikanie |
| 610 | 2 | 0 | |a manažéri |
| 100 | 1 | |a Šedajová, Soňa | |